Hisendes locals : anuari anuari
MARC
| LEADER | 00000nam a2200000 a 4500 | ||
|---|---|---|---|
| 001 | 22189 | ||
| 003 | Arxiu | ||
| 005 | 20260324180545.0 | ||
| 008 | 160829d20092011spcaxx s cat c | ||
| 020 | |a 978-84-9803-478-3 |q (2009) | ||
| 040 | |a AGDB | ||
| 080 | |a M-6-293 | ||
| 080 | |a FU-61-11 | ||
| 110 | 1 | |a Barcelona (Catalunya : Província). |b Observatori Econòmic Local |9 10516 | |
| 245 | 0 | 0 | |a Hisendes locals : |b anuari |
| 260 | |a Barcelona : |b Diputació de Barcelona. Àrea de Presidència. Observatori Econòmic Local, |c 2009-2011 | ||
| 300 | |a 2 volums (235, 47) |b taules, gràf. ; |c 24 cm |e + 2 CD-ROM | ||
| 310 | |a Anual | ||
| 362 | |a 2008-2009 | ||
| 490 | 0 | |a Estudis. Govern local ; |v 11 | |
| 490 | 0 | |a Estudis. Govern local ; |v 20 | |
| 590 | |a Bibliografia | ||
| 610 | 1 | 0 | |a Barcelona (Catalunya : Província). |b Observatori Econòmic Local |9 10516 |
| 650 | |a Finances locals |x Espanya |9 24153 | ||
| 650 | |a Finances locals |x Catalunya |9 23426 | ||
| 650 | |a Finances locals |x Barcelona (Província) |9 43199 | ||
| 866 | |a 2008 | ||
| 866 | |a 2009 | ||
| 901 | |a Arxiu | ||
| 942 | |n 1 |2 udc |c ARXIU | ||
| 952 | |0 0 |1 0 |4 0 |7 1 |9 51267 |a Arxiu |b Arxiu |d 2023-06-13 |h 2008 |o M-6-293 |p 22189 |r 2016-12-01 00:00:00 |w 2016-12-01 |y ARXIU | ||
| 952 | |0 0 |1 0 |4 0 |7 1 |9 54813 |a Arxiu |b Arxiu |d 2012-01-17 |h 2009 |o FU-61-11 |p 23375 |r 2016-12-01 00:00:00 |w 2016-12-01 |y ARXIU | ||
| 999 | |c 55111 |d 55111 | ||